000 01124cam a2200337 a 4500
001 76532
003 BD-RjUL
005 20211209082845.0
008 191217r19621947nyu 000 0 eng d
035 _aOCLC ocm00273979 from D951213M
040 _aWSU
_cWSU
_dOCL
_dEQO
_beng
041 _aeng
082 _223
_a818.403
_bJAN 1962
090 _aPS2123
_b.A4 1961
092 _aD0503349849
100 1 _aJames, Henry,
_d1843-1916.
_9236557
245 1 4 _aThe notebooks of Henry James /
_cedited by F.O. Matthiessen and Kenneth B. Murdock.
260 _aNew York :
_bOxford University Press,
_c1961.[1962]
300 _a425 p. ;
_c21 cm.
490 1 _aGalaxy book ;
_vGB61
500 _aFirst published, 1947
600 _aJames, Henry,
_d1843-1916
_9236558
700 1 _aMatthiessen, F. O.
_q(Francis Otto),
_d1902-1950.
_9236559
700 1 _aMurdock, Kenneth Ballard,
_d1895-1975.
_934540
830 0 _aGalaxy book ;
_vGB61.
_9236560
942 _2ddc
_cBK
999 _c76532
_d76532